Технология производства полимерных и теплоизоляционных изделий: учебник

Bibliographische Detailangaben
1. Verfasser: Горяйнов К. Э. Кирилл Эммануилович
Weitere Verfasser: Коровникова В. В. Вера Васильевна
Sprache:Russisch
Veröffentlicht: Москва, Высшая школа, 1975
Schlagworte:
Format: MixedMaterials Buch
KOHA link:https://koha.lib.tpu.ru/cgi-bin/koha/opac-detail.pl?biblionumber=65650

MARC

LEADER 00000nam0a2200000 4500
001 65650
005 20231031070744.0
035 |a (RuTPU)RU\TPU\book\69682 
090 |a 65650 
100 |a 20040624d1975 m y0rusy50 ca 
101 0 |a rus 
102 |a RU 
105 |a a j 001zy 
200 1 |a Технология производства полимерных и теплоизоляционных изделий  |e учебник  |f К. Э. Горяйнов, В. В. Коровникова 
210 |a Москва  |c Высшая школа  |d 1975 
215 |a 296 с.  |c ил. 
320 |a Библиогр.: с. 291-293 
610 1 |a полимерные изделия 
610 1 |a теплоизоляционные материалы 
610 1 |a производство 
610 1 |a свойства 
610 1 |a термопласты 
610 1 |a переработка 
610 1 |a учебники 
675 |a 679.56.02(075.8)  |v 3 
675 |a 624.97.13(075.8)  |v 3 
700 1 |a Горяйнов  |b К. Э.  |g Кирилл Эммануилович 
701 1 |a Коровникова  |b В. В.  |g Вера Васильевна 
801 1 |a RU  |b 63413507  |c 20040624  |g PSBO 
801 2 |a RU  |b 63413507  |c 20130827  |g PSBO 
942 |c BK